| 000 | 00658cac a22001931u 4500 | ||
|---|---|---|---|
| 008 | 090119s2003 |||||r|||| 00| 0 eng d | ||
| 010 | _a 2002024630 | ||
| 020 | _a0072501790 (alk. paper) | ||
| 020 | _a0071199152 (international : alk. paper) | ||
| 035 | _a(DLC) 2002024630 | ||
| 035 | _a(DLC)1669 | ||
| 082 | 0 | 0 |
_a658.1511 _bZIM _222 |
| 245 | 1 | 0 |
_aAccounting for decision making and control / _cJerold L. Zimmerman. |
| 250 | _a4th ed. | ||
| 260 |
_aBoston, MA : _bMcGraw-Hill/Irwin, _c2003. |
||
| 300 |
_axx, 764 p. ; _c26 cm. |
||
| 500 | _aVarious multi-media instructional materials are available to supplement the text. | ||
| 942 |
_cBB _k658.1511ZIM _2ddc |
||
| 999 |
_c343 _d343 |
||